Beyond the IT productivity paradox

Αποθηκεύτηκε σε:
Λεπτομέρειες βιβλιογραφικής εγγραφής
Άλλοι συγγραφείς: Willcocks, Leslie (edtf), Lester, Stephanie (edtf)
Μορφή: Βιβλίο
Γλώσσα:English
Δημοσίευση: Chichester, England ; New York : Wiley, c1999.
Σειρά:John Wiley series in information systems
Θέματα:
Ετικέτες: Προσθήκη ετικέτας
Δεν υπάρχουν, Καταχωρήστε ετικέτα πρώτοι!

MARC

LEADER 00000cam a2200000 i 4500
001 1/18972
008 010327s1999 enk ||| | eng||
020 |a 0471986925 
035 |l 10066683 
040 |a GR-MyUA  |b gre  |e AACR2 
041 0 |a eng 
082 0 |a 658.4038   |2 (22) 
245 1 0 |a Beyond the IT productivity paradox /   |c edited by Leslie P. Willcocks and Stephanie Lester.  
260 |a Chichester, England ; New York :   |b Wiley,   |c c1999.  
300 |a xii, 417 σ. :   |b εικ. ;   |c 24 εκ.  
490 1 |a (Wiley series in information systems)  
504 |a Περιλαμβάνει βιβλιογραφίες και ευρετήριο. 
650 0 0 |a Information technology  |x Management. 
650 0 0 |a Industrial productivity. 
700 1 |a Willcocks, Leslie,  |e edtf 
700 1 |a Lester, Stephanie,  |e edtf 
830 0 |a John Wiley series in information systems 
852 |a INST  |b SAMOS  |e 20010327  |h 658.4038 BEY  |p 005300021233  |q 005300021233  |t BK  |y 23 
852 |a INST  |b SAMOS  |e 20010327  |h 658.4038 BEY  |p 005300021234  |q 005300021234  |t BK  |y 0 
852 |a INST  |b SAMOS  |e 20010327  |h 658.4038 BEY  |p 005300021235  |q 005300021235  |t BK  |y 0 
852 |a INST  |b SYROS  |e 20071011  |h 658.4038 BEY  |p 005500007028  |q 005500007028  |t BK  |y 0 
901 |a BIBL5-2007-3 
901 |a BIBL3-2001-1 
909 |a Ε  |b 133167 
909 |a Σ  |b 086159 
909 |a Σ  |b 086158 
909 |a Σ  |b 086157 
922 |a 5ΕΛΗ  |b 200709  |c ΒΙΒΛΙΟΘΗΚΗ ΣΥΡΟΥ  |d GLORYBOOK 
922 |a 3ΕΛΗ  |b 20000831  |c ΤΠΕΣ/ΠΟΛ2  |d LEADER 
970 |a ΜΑΛΑΓΑΡΗ  |b ΦΩΤΕΙΝΗ  |z 2001/03/27